UBT Library

Blackstone's international law documents / (Record no. 328)

000 -LEADER
fixed length control field 00801cam a2200253 a 4500
005 - DATE AND TIME OF LATEST TRANSACTION
control field 20131115050106.0
008 - FIXED-LENGTH DATA ELEMENTS--GENERAL INFORMATION
fixed length control field 131115b xxu||||| |||| 00| 0 eng d
020 ## - INTERNATIONAL STANDARD BOOK NUMBER
International Standard Book Number 1841742678
041 0# - LANGUAGE CODE
Language code of text/sound track or separate title eng
080 ## - UNIVERSAL DECIMAL CLASSIFICATION NUMBER
Universal Decimal Classification number 341
Common auxiliary subdivision (094.9)
245 00 - TITLE STATEMENT
Title Blackstone's international law documents /
Statement of responsibility, etc edited by Malcolm D. Evans.
246 30 - VARYING FORM OF TITLE
Title proper/short title International law documents
250 ## -
-- 5th ed.
260 ## -
-- London :
-- Blackstone Press,
-- 2001.
300 ## -
-- 558 f. ;
-- 23 cm.
440 #0 -
-- Blackstone's statutes
490 ## -
-- Blackstone's statutes
500 ## -
-- Editor's preface : f. [VII]
500 ## -
-- Editor's preface to the first edition : f. [VIII]
500 ## -
-- Includes index.
650 #0 -
-- E drejta ndërkombëtare
-- Burimet
700 1# -
-- Evans, Malcolm D.
-- (Malcolm David),
-- 1959-
942 ## - ADDED ENTRY ELEMENTS (KOHA)
Source of classification or shelving scheme
Item type Books
Holdings
Withdrawn status Lost status Source of classification or shelving scheme Damaged status Not for loan Collection code Permanent location Current location Shelving location Date acquired Total Checkouts Full call number Barcode Date last seen Koha item type
          Koleksioni i përgjithshem UBT - Prishtine UBT - Prishtine Koleksioni i përgjithshem 11/15/2013   341(094.9) INT 001-000430 11/15/2013 Books
UBT Library © 2015-2024. All rights reserved University Education for Business and Technology